000 00514nam a2200169Ia 4500
005 20250423101127.0
008 250422s9999 xx 000 0 und d
020 _a9781581101874
050 _aRJ 312 .N46/
100 _aEdited by John Kattwinkel
245 0 _aTextbook of neonatal resuscitation
250 _a5th ed.
260 _bAmerican Academy of Pediatrics and American Heart Association
260 _c2006
650 _a Respiratory therapy for newborn infants. Neonatal intensive care.
942 _cBK
999 _c35369
_d35369